Countries with same population as Indian states - Statistics

General Stats
  • This quiz has been taken 26 times
  • The average score is 4 of 15
Answer Stats
Hint Explanation Answer % Correct
Bahrain 1.5 M Goa
50%
Thailand 72 M Tamil Nadu
33%
D.R.Congo 102 M Bihar
28%
South Africa 60 M Gujarat
28%
Paraguay 6.9 M Himachal Pradesh
28%
Mozambique 33 M Kerala
28%
Egypt 112 M Maharashtra
22%
Poland 41 M Odisha
22%
Australia 27 M Punjab
22%
Uzbekistan 35 M Telangana
22%
Portugal 10 M Uttarakhand
22%
Uganda 49 M Andhra Pradesh
17%
Bolivia 12 M Jammu and Kashmir
17%
Iran 90 M West Bengal
11%
United Kingdom 68 M Rajasthan
6%
No matching quizzes found
Score Distribution
Percent of People with Each Score
Percentile by Number Answered
Your Score History
You have not taken this quiz